Control autosintonizado de mínima varianza generalizada con red neuronal para la estimación de parámetros
Na minha lista:
| Autor principal: | |
|---|---|
| Formato: | Livro |
| Publicado em: |
San José, C.R
1997
|
| Assuntos: | |
| Tags: |
Adicionar Tag
Sem tags, seja o primeiro a adicionar uma tag!
|
MARC
| LEADER | 00000nam a2200000Ia 4500 | ||
|---|---|---|---|
| 003 | 008281 | ||
| 005 | 20221231144229.0 | ||
| 008 | 140114s1997 cr a m 000 ||s d | ||
| 040 | |c cru CEDI | ||
| 090 | |a TFG 3712 | ||
| 100 | |a Ramírez Hernández, José Antonio |9 8724 | ||
| 245 | |a Control autosintonizado de mínima varianza generalizada con red neuronal para la estimación de parámetros | ||
| 260 | |c 1997 |a San José, C.R | ||
| 300 | |a xvii, 137 hojas : ilustraciones | ||
| 500 | |a Tesis (licenciatura en ingeniería eléctrica)--Universidad de Costa Rica. Facultad de Ingeniería. Escuela de Ingeniería Eléctrica | ||
| 650 | |x RED NERVIOSA |9 9391 | ||
| 942 | |c TFG | ||
| 999 | |c 18792 |d 18792 | ||
